Julia Roberts Movies - Sudden Death - Statistics

General Stats
  • This quiz has been taken 4,597 times
  • The average score is 11 of 22
Answers on the Grid
Answers color-coded by a green-red scale on the quiz's grid according to % correct below.
Angels in the Outfield
Arbor Day
Brazil
Charlie Wilson's War
Closer
Conspiracy Theory
Duplicity
Erin Brockovich
Finding Forrester
Flatliners
Hook
Interstellar
JFK
Maleficent
Mona Lisa Smile
Money Monster
Monster-In-Law
Mother's Day
Mr. Mom
My Best Friend's Wedding
Mystic Pizza
Notting Hill
Ocean's Eleven
President's Day
Pretty Woman
Raising Arizona
Romancing the Stone
Runaway Bride
Sleeping with the Enemy
Steel Magnolias
Stepmom
The Day After Tomorrow
The Mexican
The Pelican Brief
The Prestige
Valentine's Day
 
Answer Stats
Answer % Correct
Pretty Woman
86%
Erin Brockovich
84%
Notting Hill
79%
Runaway Bride
68%
My Best Friend's Wedding
67%
Ocean's Eleven
67%
Mona Lisa Smile
63%
Steel Magnolias
54%
The Pelican Brief
51%
Hook
50%
Sleeping with the Enemy
50%
Mystic Pizza
48%
Stepmom
43%
The Mexican
37%
Charlie Wilson's War
36%
Valentine's Day
36%
Flatliners
34%
Mother's Day
32%
Closer
30%
Conspiracy Theory
28%
Duplicity
17%
Money Monster
13%
No matching quizzes found
Score Distribution
Percent of People with Each Score
Percentile by Number Answered
Your Score History
You have not taken this quiz